Statistics for Top Five US States by Category #2

Click here to take the quiz!

General Stats

  • This quiz has been taken 120 times
  • The average score is 37 of 40

Answer Stats

State% Correct
Lowest Literacy RateCalifornia
100%
Highest % of Asian-AmericansCalifornia
100%
Highest % of Spanish SpeakersCalifornia
100%
Highest Cost of LivingCalifornia
100%
Largest Land AreaCalifornia
100%
Largest Land AreaAlaska
98%
Highest % of Spanish SpeakersTexas
98%
Largest Land AreaTexas
98%
Lowest Literacy RateTexas
98%
Highest Median AgeFlorida
97%
Highest Abortion RateFlorida
97%
Highest % of Spanish SpeakersFlorida
97%
Lowest Literacy RateFlorida
97%
Highest Cost of LivingNew York
97%
Highest Abortion RateNew York
97%
Lowest Literacy RateNew York
97%
Highest % of Spanish SpeakersNew Mexico
96%
Largest Land AreaNew Mexico
96%
Lowest Quality of LifeNew Mexico
96%
Lowest Quality of LifeAlabama
94%
Largest Land AreaMontana
94%
Lowest Quality of LifeMississippi
93%
Highest % of Asian-AmericansWashington
93%
Highest % of Asian-AmericansHawaii
92%
Highest Cost of LivingHawaii
92%
Highest Abortion RateConnecticut
89%
Lowest Quality of LifeLouisiana
89%
Highest Cost of LivingOregon
88%
Highest Median AgeNew Hampshire
87%
Highest Median AgeVermont
87%
Highest Median AgeMaine
86%
Highest % of Spanish SpeakersNevada
86%
Highest % of Asian-AmericansNevada
86%
Highest Abortion RateNew Jersey
84%
Lowest Literacy RateNew Jersey
84%
Highest % of Asian-AmericansNew Jersey
84%
Highest Median AgeWest Virginia
83%
Lowest Quality of LifeWest Virginia
83%
Highest Cost of LivingMassachusetts
81%
Highest Abortion RateMaryland
80%

Score Distribution

Percentile by Number Answered

Percent of People with Each Score

Your Score History

You have not taken this quiz